[Event "GER-chT U12"]
[Site "Schney"]
[Date "2013.12.29"]
[Round "6.2"]
[White "Langenhan, Moritz Benedikt"]
[Black "Riemann, Jonas"]
[Result "0-1"]
[WhiteElo "1260"]
[BlackElo "1200"]
[PlyCount "120"]
[EventDate "2013.12.27"]
[EventType "team-swiss"]
[EventRounds "7"]
[EventCountry "GER"]
[SourceTitle "EXT 2015"]
[Source "ChessBase"]
[SourceDate "2014.11.20"]
[SourceVersion "1"]
[SourceVersionDate "2014.11.20"]
[SourceQuality "1"]
[WhiteTeam "Stadtilm Blau Weiss"]
[BlackTeam "Bickenbach"]
[WhiteTeamCountry "GER"]
[BlackTeamCountry "GER"]

1. e4 e6 2. d4 d5 3. Nc3 Nf6 4. Bd3 Be7 5. e5 Nfd7 6. Nf3 0-0 7. Bd2 c5 8. 0-0 Nc6 9. Be3 a6 10. Ne2 Qb6 11. b3 cxd4 12. Nfxd4 Ncxe5 13. Nf5 Qd8 14. Nxe7+ Qxe7 15. Ng3 Nf6 16. c3 Nc6 17. b4 Bd7 18. Bc5 Qd8 19. Bxf8 Qxf8 20. Nh5 Qe7 21. Nxf6+ Qxf6 22. Qc2 h6 23. Rfe1 Re8 24. Re3 e5 25. Rf3 Qe6 26. Bf5 Qd6 27. Bxd7 Qxd7 28. Rg3 Qe6 29. Re1 Qd6 30. f4 e4 31. f5 Qe5 32. Qe2 Qxf5 33. Rf1 Qe6 34. Qg4 Qxg4 35. Rxg4 Re6 36. Rgf4 Ne5 37. R4f2 f6 38. Rd2 Rd6 39. a4 Nc4 40. Ra2 Kf7 41. b5 a5 42. Kf2 b6 43. Kg3 g5 44. Rd1 h5 45. h4 g4 46. Rd4 Ke6 47. Rf2 Ke5 48. Rd1 f5 49. Rdf1 Rf6 50. Rf4 Nb2 51. R4f2 Nc4 52. Rf4 Nb2 53. R4f2 Nxa4 54. Rc2 Nc5 55. c4 d4 56. Rd1 d3 57. Rcd2 f4+ 58. Kf2 e3+ 59. Kf1 exd2 60. Rxd2 Kd4 0-1

[Event "GER-chT U12"]
[Site "Schney"]
[Date "2013.12.27"]
[Round "2.2"]
[White "Langenhan, Moritz Benedikt"]
[Black "Wacker, Andreas"]
[Result "0-1"]
[WhiteElo "1260"]
[BlackElo "1495"]
[PlyCount "104"]
[EventDate "2013.12.27"]
[EventType "team-swiss"]
[EventRounds "7"]
[EventCountry "GER"]
[SourceTitle "EXT 2015"]
[Source "ChessBase"]
[SourceDate "2014.11.20"]
[SourceVersion "1"]
[SourceVersionDate "2014.11.20"]
[SourceQuality "1"]
[WhiteTeam "Stadtilm Blau Weiss"]
[BlackTeam "Lambsheim"]
[WhiteTeamCountry "GER"]
[BlackTeamCountry "GER"]

1. e4 e5 2. Nf3 Nc6 3. Bc4 d6 4. h3 Be7 5. Nc3 Nf6 6. d3 Bd7 7. Be3 0-0 8. Qd2 Na5 9. Bb3 Bc6 10. 0-0-0 Nxb3+ 11. axb3 b5 12. g4 b4 13. Na4 a5 14. Rdg1 Qd7 15. h4 Nxg4 16. h5 Nxe3 17. Qxe3 Kh8 18. h6 g6 19. Nh4 Bxh4 20. Rxh4 Bxa4 21. Qf3 Qe7 22. bxa4 Qxh4 23. Rh1 Qf4+ 24. Qxf4 exf4 25. Rh4 g5 26. Rh5 f6 27. d4 Rae8 28. f3 Rg8 29. c3 bxc3 30. bxc3 c6 31. c4 c5 32. dxc5 dxc5 33. Kd2 Rb8 34. Ke2 Rb4 35. Kd3 Rxa4 36. Kc3 Rb4 37. Kd3 Re8 38. Rh1 a4 39. Ra1 Rd8+ 40. Kc3 Rd4 41. Kc2 Rbxc4+ 42. Kb2 Rd3 43. Rb1 Rb4+ 44. Kc2 Rxb1 45. Kxb1 Rd2 46. Kc1 Rh2 47. Kb1 a3 48. Ka1 c4 49. Kb1 c3 50. Ka1 Rb2 51. e5 c2 52. exf6 c1Q# 0-1

[Event "GER-chT U10"]
[Site "Magdeburg"]
[Date "2012.12.29"]
[Round "6.1"]
[White "Langenhan, Moritz Benedikt"]
[Black "Schulze, Lara"]
[Result "0-1"]
[WhiteElo "1003"]
[BlackElo "1411"]
[PlyCount "81"]
[EventDate "2012.12.27"]
[EventType "team-swiss"]
[EventRounds "7"]
[EventCountry "GER"]
[SourceTitle "EXT 2014"]
[Source "ChessBase"]
[SourceDate "2013.11.20"]
[SourceVersion "1"]
[SourceVersionDate "2013.11.20"]
[SourceQuality "1"]
[WhiteTeam "Stadtilm Blau Weiss"]
[BlackTeam "Lehrte"]
[WhiteTeamCountry "GER"]
[BlackTeamCountry "GER"]

1. e4 e6 2. Nf3 d5 3. exd5 exd5 4. g3 Nf6 5. Bg2 Bd6 6. 0-0 0-0 7. Nc3 c6 8. d4 Bf5 9. Bg5 Nbd7 10. Re1 h6 11. Bh4 Qc7 12. h3 Nh7 13. Kh2 g5 14. Bxg5 hxg5 15. Qd2 Qd8 16. Re2 Kh8 17. Rae1 Rb8 18. Re3 Nb6 19. b3 Qc7 20. Qe2 Bb4 21. Re5 Bxc3 22. Rxf5 Bxe1 23. Qxe1 Qd7 24. Qe5+ f6 25. Rxf6 Nxf6 26. Qxg5 Qg7 27. Qh4+ Qh7 28. Qg5 Nbd7 29. Qf4 Ne4 30. Qe3 Kg7 31. c4 Qh6 32. Qe2 Rbe8 33. Nh4 Nxg3 34. Qg4+ Kh7 35. Qxd7+ Qg7 36. Qxg7+ Kxg7 37. Kxg3 Re2 38. Bf3 Rxa2 39. Ng2 Ra3 40. Nf4 Kh7 41. Ne6 0-1